000 00842nam a2200265Ia 4500
003 OSt
005 20220928124700.0
006 a|||||r|||| 00| 0
007 ta
008 220927b |||||||| |||| 00| 0 eng d
020 _c3970.317
024 _a112900
037 _b4181, 04/11/2011, New India Book Agency
_cTextual
040 _aSDCL
_cSDCL
_beng
041 _2eng
_aeng
082 _aG11:68, Q1
100 _aBradshaw Ralph A Ed.
_9466663
245 0 _aFunctioning of transmembrane receptors in cell signaling.
260 _aAmsterdam
_bAcademic Press
_c2011
300 _axvi,442p.
_ccm.
650 _aBiochemistry
700 _a Dennis Edward A Ed.
_9466664
942 _hG11:68, Q1
_cTEXL
_2CC
999 _c779494
_d779494